| 000 | 00578nam a2200169 i 4500 | ||
|---|---|---|---|
| 001 | 60881 | ||
| 003 | ES-MaACL | ||
| 005 | 20250901204901.0 | ||
| 007 | t| | ||
| 008 | 031107s1968 sp ||||1| spa d | ||
| 245 | 0 | 0 | _aEstudio sobre la estructura del comercio de la alimentación en la provincia de Jaén. |
| 260 |
_aJaén : _bCámara Oficial de Comercio e Industria, _c[1968] |
||
| 300 |
_a46 p. ; _c22 cm. |
||
| 710 | 2 | 0 |
_aCámara Oficial de Comercio e Industria de la Provincia de Jaén _92378 |
| 852 |
_aES-MaACL _j2066-F-13 _bR.68855 |
||
| 999 |
_c60881 _d60881 |
||